000 00503cam a22001934a 4500
005 20250605164345.0
008 250528s ||||||||||||||||||||||||d
035 _a23825
020 _a9786185216139
040 _aGR-AtMCL
_bgre
_dGR-AtMCL
_eAACR2
245 1 _aΟμάδα και ηγεσία στην εργασία
250 _a1
260 _bOwnbook,
_c2016
300 _a232
700 1 _aΜεντζελίδης Γιώργος
_98839
942 _cBK
999 _c8753
_d8753